Cooperativa agrícola ganadera limitada de puan, 1933-2008, 75 años /
Guardado en:
| Autor Principal: | |
|---|---|
| Otros Autores: | |
| Formato: | Libro |
| Publicado: |
Bahía Blanca :
Arsa,
2008
|
| Materias: | |
| Etiquetas: |
Agregar Etiqueta
Sin Etiquetas, Sea el primero en etiquetar este registro!
|
| LEADER | 00739nam a22002175a 4500 | ||
|---|---|---|---|
| 001 | EHU.bham043444 | ||
| 003 | AR-BHAM | ||
| 005 | 20150917152501.0 | ||
| 008 | 130507s2008##################000#0#####d | ||
| 020 | |a 9789870546160 | ||
| 082 | 3 | 3 | |a 338.9821 |
| 100 | 1 | |a Tedesco, Marcelo | |
| 245 | 1 | 0 | |a Cooperativa agrícola ganadera limitada de puan, 1933-2008, 75 años / |c Marcelo Tedesco, José Marcilese |
| 260 | |a Bahía Blanca : |b Arsa, |c 2008 | ||
| 300 | |a 117 p. | ||
| 653 | |a Cooperativismo agrícola | ||
| 653 | |a Puan-historia de-cooperativismo agrario | ||
| 653 | |a Argentina-historia regional-puan | ||
| 653 | |a Buenos aires-provincia- puan | ||
| 700 | 1 | |a Marcilese, José | |
| 859 | |a AR-BHAM |b BIB. HUMANIDADES - General |h 338.9821 |i C648 |p 180.08 |t Ej.1 | ||
